Statistiques concernant 500 villes du mondes (merci pour les 50.000 réponses)

Cliquez ici pour prendre le quiz!

Statistiques générales

  • Ce quiz a été pris 425 fois
  • Le résultat moyen est 152 sur 500

Statistiques - réponses

HintRéponse% Correct
AalborgDanemark
100%
ÅarhusDanemark
87%
AbidjanCôte d'Ivoire
83%
Abomey-CalaviBénin
59%
Abou DabiÉmirats arabes unis
58%
AcapulcoMexique
57%
AbujaNigeria
57%
AccraGhana
56%
AchgabatTurkménistan
55%
AlgerAlgérie
48%
AlexandrieÉgypte
48%
AjaccioFrance
48%
AlepSyrie
48%
Aix-la-ChapelleAllemagne
47%
AdamaÉthiopie
47%
Addis-AbebaÉthiopie
47%
AgraInde
47%
AlmatyKazakhstan
46%
Andorre-la-VieilleAndorre
44%
AnversBelgique
44%
AmmanJordanie
44%
AntananarivoMadagascar
44%
AlmerePays-Bas
44%
AmsterdamPays-Bas
44%
ApiaSamoa
44%
AntalyaTurquie
44%
AnkaraTurquie
44%
AsmaraÉrythrée
43%
AthènesGrèce
43%
BagdadIrak
43%
AucklandNouvelle-Zélande
43%
AsuncionParaguay
43%
ArequipaPérou
43%
BakouAzerbaïdjan
41%
Bandar Seri BegawanBrunei
41%
BangaloreInde
41%
BamakoMali
41%
BanguiRépublique centrafricaine
41%
BahriSoudan
41%
BangkokThaïlande
41%
Banja LukaBosnie-Herzégovine
39%
BarranquillaColombie
39%
BarceloneEspagne
39%
BanjulGambie
39%
BariItalie
39%
Basseterre (capitale)Saint-Christophe-et-Niévès
38%
BassorahIrak
37%
BerlinAllemagne
36%
BelmopanBelize
36%
Belize CityBelize
36%
Belo HorizonteBrésil
36%
BissauGuinée-Bissau
36%
BenghaziLibye
36%
Benin CityNigeria
36%
BirminghamRoyaume-Uni
36%
BelfastRoyaume-Uni
36%
BelgradeSerbie
36%
BerneSuisse
36%
BrêmeAllemagne
35%
Buenos AiresArgentine
35%
BruxellesBelgique
35%
BrugesBelgique
35%
BrasiliaBrésil
35%
BogotaColombie
35%
BilbaoEspagne
35%
BostonÉtats-Unis
35%
BordeauxFrance
35%
BudapestHongrie
35%
CalcuttaInde
35%
BombayInde
35%
BologneItalie
35%
BichkekKirghizistan
35%
BeyrouthLiban
35%
BergenNorvège
35%
BragaPortugal
35%
BrazzavilleRépublique du Congo
35%
BrnoRépublique tchèque
35%
BucarestRoumanie
35%
BristolRoyaume-Uni
35%
BratislavaSlovaquie
35%
BizerteTunisie
35%
CologneAllemagne
34%
CanberraAustralie
34%
BrisbaneAustralie
34%
BridgetownBarbade
34%
CharleroiBelgique
34%
Bobo-DioulassoBurkina Faso
34%
BujumburaBurundi
34%
CalgaryCanada
34%
ChengduChine
34%
CantonChine
34%
CaliColombie
34%
BusanCorée du Sud
34%
ChicagoÉtats-Unis
34%
ChennaiInde
34%
CagliariItalie
34%
CataneItalie
34%
CasablancaMaroc
34%
CancúnMexique
34%
ChișinăuMoldavie
34%
CracoviePologne
34%
CardiffRoyaume-Uni
34%
CastriesSainte-Lucie
34%
ColomboSri Lanka
34%
BâleSuisse
34%
ChaguanasTrinité-et-Tobago
34%
BursaTurquie
34%
CaracasVenezuela
34%
ConstantineAlgérie
33%
DarwinAustralie
33%
ChittagongBangladesh
33%
CotonouBénin
33%
CuritibaBrésil
33%
CopenhagueDanemark
33%
DetroitÉtats-Unis
33%
DallasÉtats-Unis
33%
ConakryGuinée
33%
(New) DelhiInde
33%
CorkIrlande
33%
ChristchurchNouvelle-Zélande
33%
CuzcoPérou
33%
Cluj-NapocaRoumanie
33%
CoventryRoyaume-Uni
33%
DamasSyrie
33%
Dar es SalaamTanzanie
33%
Ciudad de la CostaUruguay
33%
DortmundAllemagne
32%
DüsseldorfAllemagne
32%
DresdeAllemagne
32%
CórdobaArgentine
32%
DhakaBangladesh
32%
DaeguCorée du Sud
32%
DubaïÉmirats arabes unis
32%
Dire DawaÉthiopie
32%
DebrecenHongrie
32%
DublinIrlande
32%
ÉdimbourgRoyaume-Uni
32%
DakarSénégal
32%
DiliTimor oriental
32%
DurbanAfrique du Sud
31%
HambourgAllemagne
31%
Francfort-sur-le-MainAllemagne
31%
DjeddahArabie saoudite
31%
ErevanArménie
31%
GaboroneBotswana
31%
FortalezaBrésil
31%
DoualaCameroun
31%
EdmontonCanada
31%
FoshanChine
31%
DongguanChine
31%
DjiboutiDjibouti
31%
HoustonÉtats-Unis
31%
GênesItalie
31%
FlorenceItalie
31%
FukuokaJapon
31%
FèsMaroc
31%
GuadalajaraMexique
31%
FaisalabadPakistan
31%
EindhovenPays-Bas
31%
DohaQatar
31%
GlasgowRoyaume-Uni
31%
FreetownSierra Leone
31%
DjoubaSoudan du Sud
31%
GöteborgSuède
31%
DouchanbéTadjikistan
31%
DodomaTanzanie
31%
FunafutiTuvalu
31%
DnieprUkraine
31%
DonetskUkraine
31%
KaboulAfghanistan
30%
HératAfghanistan
30%
JohannesbourgAfrique du Sud
30%
HuamboAngola
30%
Gold CoastAustralie
30%
GrazAutriche
30%
InnsbruckAutriche
30%
GandBelgique
30%
GitegaBurundi
30%
Hong KongChine
30%
HamhungCorée du Nord
30%
IncheonCorée du Sud
30%
JejuCorée du Sud
30%
GuantánamoCuba
30%
GizehÉgypte
30%
GuayaquilÉquateur
30%
HonoluluÉtats-Unis
30%
HelsinkiFinlande
30%
HéraklionGrèce
30%
GuatemalaGuatemala
30%
GeorgetownGuyana
30%
HoniaraÎles Salomon
30%
JakartaIndonésie
30%
IspahanIran
30%
HaïfaIsraël
30%
JérusalemIsraël
30%
HiroshimaJapon
30%
IbadanNigeria
30%
IslamabadPakistan
30%
GroninguePays-Bas
30%
GdańskPologne
30%
IekaterinbourgRussie
30%
HargeisaSomalie
30%
GenèveSuisse
30%
IstanbulTurquie
30%
IzmirTurquie
30%
Hô-Chi-Minh-VilleViêt Nam
30%
HanoïViêt Nam
30%
HarareZimbabwe
30%
KandahârAfghanistan
29%
Le CapAfrique du Sud
29%
LuandaAngola
29%
La MecqueArabie saoudite
29%
KlagenfurtAutriche
29%
ManamaBahreïn
29%
LiègeBelgique
29%
La PazBolivie
29%
ManausBrésil
29%
MacaoChine
29%
La HavaneCuba
29%
LouxorÉgypte
29%
Le CaireÉgypte
29%
MalagaEspagne
29%
La CorogneEspagne
29%
MadridEspagne
29%
MbabaneEswatini
29%
New YorkÉtats-Unis
29%
Los AngelesÉtats-Unis
29%
La Nouvelle-OrléansÉtats-Unis
29%
Las VegasÉtats-Unis
29%
LyonFrance
29%
LilleFrance
29%
MarseilleFrance
29%
LibrevilleGabon
29%
KumasiGhana
29%
KingstonJamaïque
29%
KyotoJapon
29%
KobeJapon
29%
KoweïtKoweït
29%
MaseruLesotho
29%
KaunasLituanie
29%
Kuala LumpurMalaisie
29%
LilongweMalawi
29%
MaléMaldives
29%
La ValetteMalte
29%
MarrakechMaroc
29%
KatmandouNépal
29%
ManaguaNicaragua
29%
KanoNigeria
29%
LagosNigeria
29%
KadunaNigeria
29%
MascateOman
29%
KampalaOuganda
29%
KarachiPakistan
29%
La HayePays-Bas
29%
LimaPérou
29%
ManillePhilippines
29%
LodzPologne
29%
MadèrePortugal
29%
KinshasaR.D. Congo
29%
KanangaR.D. Congo
29%
ManchesterRoyaume-Uni
29%
Newcastle upon TyneRoyaume-Uni
29%
LeedsRoyaume-Uni
29%
LiverpoolRoyaume-Uni
29%
LondresRoyaume-Uni
29%
KazanRussie
29%
KaliningradRussie
29%
KigaliRwanda
29%
KingstownSaint-Vincent-et-les-Grenadines
29%
KošiceSlovaquie
29%
LjubljanaSlovénie
29%
KhartoumSoudan
29%
MalmöSuède
29%
LoméTogo
29%
KairouanTunisie
29%
KharkivUkraine
29%
KievUkraine
29%
LouhanskUkraine
29%
MunichAllemagne
28%
NurembergAllemagne
28%
MédineArabie saoudite
28%
MelbourneAustralie
28%
PerthAustralie
28%
LinzAutriche
28%
NassauBahamas
28%
NamurBelgique
28%
MinskBiélorussie
28%
NaypyidawBirmanie
28%
MandalayBirmanie
28%
OuagadougouBurkina Faso
28%
Phnom PenhCambodge
28%
OttawaCanada
28%
MontréalCanada
28%
NicosieChypre
28%
LimassolChypre
28%
MedellínColombie
28%
MoroniComores
28%
OdenseDanemark
28%
OrlandoÉtats-Unis
28%
PhoenixÉtats-Unis
28%
MiamiÉtats-Unis
28%
PhiladelphieÉtats-Unis
28%
NantesFrance
28%
OrléansFrance
28%
MontpellierFrance
28%
NiceFrance
28%
MalaboGuinée équatoriale
28%
MajuroÎles Marshall
28%
MedanIndonésie
28%
MossoulIrak
28%
MechhedIran
28%
PalermeItalie
28%
ParmeItalie
28%
MilanItalie
28%
NaplesItalie
28%
NagasakiJapon
28%
NagoyaJapon
28%
OsakaJapon
28%
OkinawaJapon
28%
NoursoultanKazakhstan
28%
NairobiKenya
28%
MombasaKenya
28%
MonroviaLiberia
28%
LuxembourgLuxembourg
28%
NouakchottMauritanie
28%
MexicoMexique
28%
MonterreyMexique
28%
Oulan-BatorMongolie
28%
MaputoMozambique
28%
NiameyNiger
28%
OsloNorvège
28%
LahorePakistan
28%
LisbonnePortugal
28%
LubumbashiR.D. Congo
28%
Mbuji-MbayiR.D. Congo
28%
NorwichRoyaume-Uni
28%
OxfordRoyaume-Uni
28%
MoscouRussie
28%
Nijni NovgorodRussie
28%
NovossibirskRussie
28%
MariborSlovénie
28%
MogadiscioSomalie
28%
LuganoSuisse
28%
LucerneSuisse
28%
MwanzaTanzanie
28%
N'DjaménaTchad
28%
OdessaUkraine
28%
LvivUkraine
28%
MontevideoUruguay
28%
MaracaiboVenezuela
28%
LusakaZambie
28%
PretoriaAfrique du Sud
27%
OranAlgérie
27%
RiyadArabie saoudite
27%
RosarioArgentine
27%
Porto-NovoBénin
27%
RangoonBirmanie
27%
RecifeBrésil
27%
Rio de JaneiroBrésil
27%
Porto AlegreBrésil
27%
PlovdivBulgarie
27%
QuébecCanada
27%
PraiaCap-Vert
27%
PékinChine
27%
PyongyangCorée du Nord
27%
Port-SaïdÉgypte
27%
QuitoÉquateur
27%
Palma de MajorqueEspagne
27%
ParisFrance
27%
ReimsFrance
27%
RennesFrance
27%
Saint-ÉtienneFrance
27%
Port-GentilGabon
27%
Port-au-PrinceHaïti
27%
Port LouisÎle Maurice
27%
PuneInde
27%
ReykjavikIslande
27%
RomeItalie
27%
PristinaKosovo
27%
RigaLettonie
27%
RabatMaroc
27%
PueblaMexique
27%
PalikirMicronésie
27%
PodgoricaMonténégro
27%
NgerulmudPalaos
27%
PanamaPanama
27%
Port MoresbyPapouasie-Nouvelle-Guinée
27%
Quezon CityPhilippines
27%
PoznańPologne
27%
PortoPortugal
27%
Pointe NoireRépublique du Congo
27%
PragueRépublique tchèque
27%
Novi SadSerbie
27%
OmdourmanSoudan
27%
ParamariboSuriname
27%
Nuku'alofaTonga
27%
Port-d'EspagneTrinité-et-Tobago
27%
Port-VilaVanuatu
27%
RijekaCroatie
26%
RoseauDominique
26%
RotterdamPays-Bas
26%
Saint-DomingueRépublique dominicaine
26%
Saint-John'sAntigua-et-Barbuda
25%
SalzbourgAutriche
25%
Santa Cruz de la SierraBolivie
25%
SarajevoBosnie-Herzégovine
25%
Salvador de BahiaBrésil
25%
SantiagoChili
25%
ShanghaiChine
25%
ShenzenChine
25%
San JoséCosta Rica/États-Unis
25%
SaragosseEspagne
25%
SeattleÉtats-Unis
25%
San FranciscoÉtats-Unis
25%
Saint-GeorgeGrenade
25%
SendaiJapon
25%
SapporoJapon
25%
SamarcandeOuzbékistan
25%
SheffieldRoyaume-Uni
25%
Saint-PétersbourgRussie
25%
Saint-MarinSaint-Marin
25%
San SalvadorSalvador
25%
SfaxTunisie
25%
SaltoUruguay
25%
Sana'aYémen
25%
StuttgartAllemagne
24%
SofiaBulgarie
24%
StrasbourgFrance
24%
SidonLiban
24%
SkopjeMacédoine du Nord
24%
SikassoMali
24%
SibOman
24%
SingapourSingapour
24%
StockholmSuède
24%
SousseTunisie
24%
TiranaAlbanie
23%
SydneyAustralie
23%
VienneAutriche
23%
ThimphouBhoutan
23%
SucreBolivie
23%
São PauloBrésil
23%
VarnaBulgarie
23%
YaoundéCameroun
23%
VancouverCanada
23%
WuhanChine
23%
ÜrümqiChine
23%
TianjinChine
23%
SéoulCorée du Sud
23%
YamoussoukroCôte d'Ivoire
23%
SplitCroatie
23%
ZagrebCroatie
23%
SuezÉgypte
23%
TenerifeEspagne
23%
SévilleEspagne
23%
ValenceEspagne/France
23%
TallinnEstonie
23%
Washington D.CÉtats-Unis
23%
SuvaFidji
23%
TampereFinlande
23%
ToulouseFrance
23%
TbilissiGéorgie
23%
ThessaloniqueGrèce
23%
TegucigalpaHonduras
23%
SurabayaIndonésie
23%
TéhéranIran
23%
Tel AvivIsraël
23%
VeniseItalie
23%
VéroneItalie
23%
TurinItalie
23%
TriesteItalie
23%
YokohamaJapon
23%
TokyoJapon
23%
TarawaKiribati
23%
VientianeLaos
23%
TyrLiban
23%
TripoliLibye
23%
VaduzLiechtenstein
23%
VilniusLituanie
23%
TombouctouMali
23%
TangerMaroc
23%
TijuanaMexique
23%
TrondheimNorvège
23%
Wellington (capitale)Nouvelle-Zélande
23%
TashkentOuzbékistan
23%
TilbourgPays-Bas
23%
UtrechtPays-Bas
23%
TrujilloPérou
23%
VarsoviePologne
23%
TimișoaraRoumanie
23%
São ToméSão Tomé-et-Principe
23%
Victoria (capitale)Seychelles
23%
Sri Jayawardenapura KotteSri Lanka
23%
UppsalaSuède
23%
ZurichSuisse
23%
TaïpeiTaiwan
23%
ZanzibarTanzanie
23%
TunisTunisie
23%
WinnipegCanada
22%
WindhoekNamibie
22%
WroclawPologne
22%

Distribution des résultats

Percentile par nombre de réponses

% des personnes avec chaque résultat

Votre développement - résultats

Vous n’avez pas pris ce quiz